000 00618nam a2200241Ia 4500
003 OSt
005 20220928115652.0
006 a|||||r|||| 00| 0
007 ta
008 220927b |||||||| |||| 00| 0 eng d
024 _a67096
037 _cTextual
040 _aSDCL
_cSDCL
_beng
041 _2eng
_aeng
082 _aW6, P5
100 _aCarter April
_9369219
245 0 _aDirect action and democracy today
260 _aCambridge
_bPolity Press
_c2005
300 _axi,298p
_ccm.
650 _aDemocracy
_9393045
942 _hW6, P5
_cTEXL
_2CC
999 _c760370
_d760370